Le Japon pour les touristes... - Facile - Statistiques

Statistiques générales
  • Ce quiz a été pris 64 fois
  • Le résultat moyen est 11 sur 20
Statistiques - réponses
Indice Réponses Indice facile % Correct
Code sur les plaques minéralogiques J
100%
Quelle est la langue officielle ? Japonais
100%
Quelle est la monnaie ? Yen Y
85%
Achats à faire 2/ Cuiseur à Riz ZIR
83%
Quelles sont les principaux lieux touristiques ? O Ville d'{Osaka} KASAO
82%
Le principal aéroport est T Tokyo
78%
Quelles sont les principaux lieux touristiques ? K Ville de {Kyoto} TOKYO
77%
Dans la capitale quel est le décalage horaire avec Paris ? (+ ou - et chiffre) ex - 10 ou + 3,5 + 7
75%
Quel est le climat local ? T Tempéré
68%
Le suffixe internet est jp
65%
Combien d'heures (environ) mettrez-vous pour vous y rendre ? (en chiffres) 14
63%
Quelles sont les principaux lieux touristiques ? N Vieux quartiers de {Nagoya} YAGONA
57%
Quel est le régime du pays ? M C Monarchie constitutionnelle
52%
La religion majoritaire est Shintoïsme S
48%
Achats à faire 4/ Poupée japonaise Daruma MARUDA
35%
Achats à faire 3/ Chat porte-bonheur Maneki Neko KONEKINEMA
33%
Quelles sont les principaux lieux touristiques ? I Village de {Ine-Cho} CHOINE
13%
Achats à faire 1/ Bilboquet Kendama MAKADEN
12%
Quelles sont les principaux lieux touristiques ? T Temple {Todai-Ji} JITOIDA
10%
Comment se nomme la principale compagnie aérienne locale A N P All Nippon Airways AINPAARSPLNWOILY
5%
Aucun quiz correspondant
Distribution des résultats
% des personnes avec chaque résultat
Percentile par nombre de réponses
Votre historique - résultats
Vous n’avez pas pris ce quiz